000 00502nam a2200181Ia 4500
008 240925s9999 xx 000 0 und d
020 _a9789332584839
082 _a658.322 MAT
100 _aMartocchio, Joseph J.
245 0 _aStrategic Compensation: a human resource management approach
250 _a9th
260 _aNew Delhi:
_bPearson Education
_c,2018.
300 _aVarious pages
_b0
_fOriginal
500 _aIncludes Index
600 _aManagement
650 _aManagement
942 _cBK
999 _c14836
_d14836